Introduction to engineering thermodynamics /
This book is about: Untroductory comments; Concepts and definitions; Properties of a pure substance; Law of thermodynamics; ...
Αποθηκεύτηκε σε:
| Κύριος συγγραφέας: | |
|---|---|
| Άλλοι συγγραφείς: | |
| Μορφή: | Βιβλίο |
| Γλώσσα: | English |
| Έκδοση: |
New York :
John Wiley and Sons,
2001.
|
| Θέματα: | |
| Ετικέτες: |
Προσθήκη ετικέτας
Δεν υπάρχουν, Καταχωρήστε ετικέτα πρώτοι!
|
| Thư viện lưu trữ: | Mạng thư viện Đại học Đà Nẵng |
|---|
| LEADER | 01289cam a2200373 i 4500 | ||
|---|---|---|---|
| 001 | 000048914 | ||
| 003 | 8640 | ||
| 005 | 20051111141913.0 | ||
| 008 | 010324b2001 vm 000 eng | ||
| 020 | |a 0471321729 | ||
| 040 | |a IRC |c IRC |d IRC | ||
| 041 | 0 | |a eng | |
| 082 | 1 | 4 | |a 621.4021 |b SO-R |
| 100 | 1 | |a Sonntag, Richard E. | |
| 245 | 0 | 0 | |a Introduction to engineering thermodynamics / |c Richard E. Sonntag, Claus Borgnakke. |
| 260 | |a New York : |b John Wiley and Sons, |c 2001. | ||
| 300 | |a 489 p. ; |c 25.5cm. | ||
| 520 | 3 | |a This book is about: Untroductory comments; Concepts and definitions; Properties of a pure substance; Law of thermodynamics; ... | |
| 630 | 0 | 4 | |a Engineering. |
| 630 | 0 | 4 | |a Thermodynamics. |
| 650 | 0 | 4 | |a Thermodynamics. |
| 700 | 1 | |a Borgnakke, C. |q (Claus) | |
| OWN | |a DUT | ||
| AVA | |a UDN50 |b DUT |c Book |d 621.4021 SO-R |e available |t Error 5001 Not defined in file expand_doc_bib_avail. |f 1 |g 0 |h N |i 0 |j SH |k 1 | ||
| 999 | |a From the UDN01 | ||
| AVA | |a UDN50 |b DUT |c Book |d 621.4021 SO-R |e available |t Error 5001 Not defined in file expand_doc_bib_avail. |f 1 |g 0 |h N |i 0 |j SH |k 1 | ||
| TYP | |a Monograph | ||
| TYP | |a Printed language | ||
| 980 | |a Mạng thư viện Đại học Đà Nẵng | ||


